| 000 | 00885cam a22003014a 4500 | ||
|---|---|---|---|
| 001 | 16974829 | ||
| 005 | 20201128020935.0 | ||
| 008 | 110923s2012 xxka frd 001 0 eng d | ||
| 020 | _a0273763121 (pbk.) | ||
| 020 | _a9780273763123 (pbk.) | ||
| 040 | _aEG-ScBUE | ||
| 082 | 0 | 0 |
_a330 _223 _bSLO |
| 100 | 1 |
_aSloman, John, _d1947- _97721 |
|
| 245 | 1 | 0 |
_aEconomics / _cJohn Sloman, Alison Wride, Dean Garratt. |
| 250 | _a8th ed. | ||
| 260 |
_aHarlow, United Kingdom : _bPearson, _c2012. |
||
| 300 |
_a[Various pagings] : _bill. (col.) ; _c27 cm. |
||
| 500 | _aIncludes index. | ||
| 500 | _aIncludes glossary. | ||
| 500 | _aIncludes appendixes. | ||
| 650 | 0 |
_aEconomics _9720 _2BUEsh |
|
| 651 | _2BUEsh | ||
| 653 |
_bBUSECO _cOctober2014 |
||
| 655 |
_vText book _933728 |
||
| 700 | 1 |
_aWride, Alison _931054 |
|
| 700 | 1 |
_aGarratt, Dean, _d1970- _927516 |
|
| 942 |
_2ddc _cBB _k330 SLO |
||
| 999 |
_c17053 _d17025 |
||